00496nam a2200145Ia 4500008004100000041000800041082001600049100002200065245004500087260003800132300002400170365000900194999001700203952013000220240624s9999 xx 000 0 und d aeng a332.632 FAB aFABOZZI FABOZZI J aSECURITIES LENDING AND REPURCHASES AGREE c1996aBostonbJohn Wiley and Sons a266 : p. : cm. ; 24 cb30 c11222d11222 00104070aIMTNbIMTNcRack 11-Ad2008-10-15eBWEg159.95n4875o332.632 FABp11222r2024-06-24 00:00:00t48w2024-06-24yBK